000 00201 a2200097 4500
001 9023
100 _aGowers, S E
245 _aThe complete plain words.
260 _a
_bH M S
_c
090 _c7207
_d7207
942 _aNUST-CAE
_cM
_c33831
999 _c244096
_d244096